000 00530nam a2200193Ia 4500
003 OSt
005 20200812104912.0
008 190216s9999||||xx |||||||||||||| ||und||
020 _a9798178081648
040 _coclc
082 _a547
_bFIN/O
100 _aFinar, I L
_94053
245 0 _aOrganic Chemistry Vol 2 /
_cI L Finar
250 _a5th Ed.
260 _bPearson Education Asia:
_c1973.
_aNew Delhi:
300 _a942p
650 _aChemistry-Chemistry
942 _cBK
_2ddc
_h547
_iFIN/O
_k547
_mFIN/O
999 _c3080
_d3080